| 000 | 01030nam a22002177a 4500 | ||
|---|---|---|---|
| 008 | 100311s2009 wau|||||r|||| 000 0 eng d | ||
| 020 | _a9781589068506 | ||
| 082 |
_222 _a336.3 _bFIS |
||
| 245 |
_aFiscal Implications of the Global Economic and Financial Crisis/ _cBy a StaffTeam from the fiscal Affairs Department |
||
| 260 |
_aWashington, D.C. : _bInternational Monetary Fund, 2009. _c2009 |
||
| 300 |
_a85 p.: _bill.; _c28 cm. |
||
| 490 | _aOccasional paper (International Monetary Fund), no. 269 | ||
| 504 | _aIncludes bibliographical references(p.81-83) | ||
| 650 |
_912472 _aEconomic stabilization |
||
| 650 |
_912471 _aFiscal policy |
||
| 650 |
_912473 _aGlobal Financial Crisis, 2008-2009. |
||
| 650 |
_912474 _aFinance, Public. |
||
| 710 |
_912475 _aInternational Monetary Fund. _bFiscal Affairs Dept. |
||
| 942 |
_2ddc _cBB |
||
| 999 |
_c13631 _d13631 |
||